Reshaping Technology for Agricultural Development (Record no. 14482)
[ view plain ]
| 000 -LEADER | |
|---|---|
| fixed length control field | 00349nam a22001337a 4500 |
| 020 ## - INTERNATIONAL STANDARD BOOK NUMBER | |
| ISBN | 9789381226506 |
| 082 ## - DEWEY DECIMAL CLASSIFICATION NUMBER | |
| Classification number | 631. |
| Item number | BIR/RE |
| 245 ## - TITLE STATEMENT | |
| Title | Reshaping Technology for Agricultural Development |
| 260 ## - PUBLICATION, DISTRIBUTION, ETC. (IMPRINT) | |
| Place of publication | Delhi |
| Name of publisher | Satish Serial Publishing House |
| Year of publication | 2013 |
| 300 ## - PHYSICAL DESCRIPTION | |
| Number of Pages | 466 |
| 700 ## - ADDED ENTRY--PERSONAL NAME | |
| Personal name | Birendra Prasad |
| 700 ## - ADDED ENTRY--PERSONAL NAME | |
| Personal name | Sunil Kumar |
| 942 ## - ADDED ENTRY ELEMENTS (KOHA) | |
| Koha item type | Books |
| Withdrawn status | Lost status | Damaged status | Collection code | Home library | Current library | Shelving location | Date acquired | Source of acquisition | Cost, normal purchase price | Full call number | Accession Number | Koha item type |
|---|---|---|---|---|---|---|---|---|---|---|---|---|
| KAUAET | KAUAET | General Stacks | 08/07/2016 | Arunima Book Distributors,TVPM | 1550.00 | 631. BIR/RE | 24837 | Books |
